00366nam a22001457a 4500003000400000005001700004008004100021020002200062040000700084082001200091100002800103245002600131260005500157300000800212OSt20210914095501.0210914b |||||||| |||| 00| 0 eng d a9780801437489cHU cHU a070.195 aNHK and TELEVISION NEWS aBROADCASTING POLITICS aUnited states of americabCornell universityc2000 a278